[Event "45. Sparkassen Chess-Meeting"]
[Site "Dortmund"]
[Date "2017.07.21"]
[Round "5"]
[White "Fedoseev, Vladimir"]
[Black "Nisipeanu, Liviu-Dieter"]
[Result "1/2-1/2"]
[WhiteElo "2726"]
[BlackElo "2683"]
[Annotator "TA"]
[PlyCount "118"]
[EventDate "2017.??.??"]
[EventType "tourn"]
[EventCountry "GER"]
[SourceTitle "playchess.com"]
[Source "ChessBase"]
[SourceQuality "1"]

{[%evp 9,118,26,24,-3,4,0,11,0,25,-9,-5,-29,-29,-20,57,52,61,60,64,69,70,68,117,103,116,71,66,69,108,106,110,111,179,167,262,247,277,276,238,283,321,311,508,483,512,483,464,448,595,602,566,564,583,560,527,0,0,0,0,0,5,0,7,6,111,6,29,40,144,0,0,0,165,0,24,34,59,62,706,705,661,632,608,512,403,143,153,0,7,0,7,8,10,0,0,0,0,0,0,0,0,0,0,0,0,0,0,0,0,0,0]} 1. e4 c6 2. d4 d5 3. e5 Bf5 4. Nf3 e6 5. c3 Nd7 {LiveBook: 22 Games} 6. a4 {B12: Caro-Kann: Advance Variation} (6. Be2 h6 7. O-O Ne7 8. Nbd2 a5 9. Re1 Bg6 10. Nf1 Nf5 11. Bd3 Be7 12. Ng3 Nxg3 13. Bxg6 fxg6 14. fxg3 O-O 15. Qd3 Qe8 {1-0 (42) Palac,M (2573)-Girya,O (2476) Minsk 2017}) 6... c5 7. Be3 $146 ({Predecessor:} 7. Bd3 Bxd3 8. Qxd3 cxd4 9. cxd4 Bb4+ 10. Bd2 Bxd2+ 11. Nbxd2 Ne7 12. O-O O-O 13. Rac1 Nc6 {1-0 (63) Krajczy,W (1786)-Kauppert,J (1486) Buechenbach 2001}) 7... Ne7 {[%cal Bg8e7,Be7f5,Bf5e3][%mdl 32]} 8. dxc5 Bg4 9. a5 Nf5 10. b4 (10. Bd4 $5) 10... Nxe3 11. fxe3 a6 (11... Bxf3 $1 $11 12. Qxf3 a6) 12. Qd4 $1 $14 {[%cal Rd4g4]} Bxf3 13. gxf3 g6 14. Nd2 Bg7 15. f4 f6 16. exf6 $1 Nxf6 17. Nf3 O-O 18. Bh3 Ne4 19. Bxe6+ Kh8 20. Qxd5 Bxc3+ (20... Nxc3 $16 {keeps fighting.} 21. Qxd8 Raxd8) 21. Ke2 $18 Bxa1 (21... Qxd5 {was called for.} 22. Bxd5 Bxa1 23. Bxe4 Bc3) 22. Qxe4 Qf6 23. Ng5 $1 (23. Qxb7 Rab8 $11) 23... Rae8 24. h4 $1 ({Don't play} 24. Qxb7 $6 Re7 $16) 24... h6 {Hoping for ...Kg7.} 25. h5 $1 Kg7 $2 (25... Qb2+ 26. Ke1 Qc3+ 27. Kf2 Qf6) 26. hxg6 $1 Rh8 27. Qxb7+ Re7 28. Qd5 $1 ({Weaker is} 28. Qxa6 hxg5 29. Rxh8 Kxh8 $11) 28... Rhe8 29. c6 Bb2 30. Kf3 Rxe6 31. Nxe6+ Qxe6 32. Qxe6 $2 (32. e4 $1 $18) 32... Rxe6 {[%mdl 4096] Endgame KRB-KR} 33. f5 (33. b5 $5 axb5 34. Rb1 $16) 33... Rxc6 34. Rd1 Kf6 35. e4 Be5 36. Rd7 {Threatens to win with b5!} Kg5 $1 37. g7 ({White should try} 37. Re7 $1 $16 {[%cal Re7e5]} Rc3+ 38. Ke2) 37... Rc3+ $11 38. Ke2 Rc8 (38... Rc2+ $1 $14 39. Ke3 Rc3+ 40. Kd2 Rc8) 39. Re7 (39. Ra7 $16 Rg8 40. Rxa6 Rxg7 41. Ke3) 39... Bf6 $1 {[%cal Rf6e7]} 40. Re6 Rg8 $2 {[#]} (40... h5 $1 $11) 41. Rxa6 $2 (41. e5 $1 $18 {[%cal Re5f6]} Bxg7 42. f6 (42. Rxa6 Kxf5 43. b5 h5 $15)) 41... Rxg7 42. b5 {[%cal Bb4b5,Bb5b6][%mdl 32] Black must now prevent Re6.} Rb7 43. b6 {[%mdl 1024] White has compensation.} Kf4 $2 {[%mdl 8192]} (43... Bc3 $14) 44. Ra7 $18 Rb8 {[#]} 45. Kd3 $1 Rd8+ 46. Kc2 Bd4 47. Re7 $2 (47. Rc7 $18 {has better winning chances.}) 47... h5 $16 48. Rh7 $2 (48. f6 $16 h4 49. Rh7 (49. f7 Rf8 $11)) 48... Kxe4 {The position is equal.} 49. Rxh5 (49. f6 $5) 49... Rc8+ 50. Kb3 {aiming for b7.} Rc1 $1 51. Ka4 {And now f6! would win.} (51. f6 $5 Bxf6 52. Kb4 $16) 51... Rb1 52. f6 Bxf6 53. a6 (53. Rb5 $5 {[%cal Rb5b1]} Ra1+ 54. Kb3 $11) 53... Rxb6 54. a7 Ra6+ 55. Ra5 Rxa7 56. Rxa7 Bd4 57. Rd7 Be3 58. Re7+ Kf3 59. Rxe3+ Kxe3 {Precision: White = 53%, Black = 41%.} 1/2-1/2

[Event "45. Sparkassen Chess-Meeting"]
[Site "Dortmund"]
[Date "2017.07.21"]
[Round "5"]
[White "Andreikin, Dmitry"]
[Black "Wojtaszek, Radoslaw"]
[Result "1/2-1/2"]
[WhiteElo "2712"]
[BlackElo "2736"]
[Annotator "TA"]
[PlyCount "113"]
[EventDate "2017.??.??"]
[EventType "tourn"]
[EventCountry "GER"]
[SourceTitle "playchess.com"]
[Source "ChessBase"]
[SourceQuality "1"]

{[%evp 12,113,18,23,30,19,41,-8,-10,-3,-8,-8,-10,-21,-18,-17,-20,-12,-20,-20,-14,-20,0,0,0,-55,-49,-53,-31,-50,-22,-37,0,0,0,-10,0,-5,0,0,0,0,0,0,0,0,0,0,5,0,10,9,12,9,4,7,70,68,163,0,0,0,95,95,95,38,38,38,38,16,16,0,16,0,0,0,16,16,16,16,16,16,16,0,16,16,16,2,2,0,16,16,16,16,16,16,16,0,0,0,0,0,0,0]} 1. d4 Nf6 2. Bg5 d5 3. Nd2 c6 4. e3 Bf5 5. c4 {[%cal Bc2c4,Bc4c5][%mdl 32]} (5. Bxf6 exf6 6. g3 Nd7 7. Bg2 Nb6 8. Ne2 Bd6 9. a4 a5 10. O-O O-O 11. e4 Bg4 12. Re1 Re8 {0-1 (29) Jobava,B (2707)-Aronian,L (2793) Leuven 2017}) 5... Nbd7 6. Ngf3 {D00: 1 d4 d5: Unusual lines} e6 7. Qb3 {LiveBook: 3 Games} Qb6 8. c5 {White has an edge.} Qc7 9. Bd3 $146 (9. Bf4 $5 {[%cal Rf4c7]} Qc8 10. Rc1 $14) ({Predecessor:} 9. Bf4 Qc8 10. Rc1 Be7 11. Nh4 Be4 12. Nhf3 Bg6 13. Ne5 Nxe5 14. Bxe5 {½-½ (38) Bajarani,U (2494)-Dubov,D (2632) Moscow 2015}) 9... Bxd3 10. Qxd3 b6 11. b4 a5 12. cxb6 Qxb6 13. bxa5 Rxa5 14. O-O Bd6 15. a4 Qa6 16. Qc2 O-O 17. Rfc1 Rc8 18. Qd1 (18. Bxf6 $11 gxf6 19. Qd1) 18... Ne4 $15 19. Bf4 Nxd2 20. Nxd2 Bb4 21. e4 Bf8 22. exd5 Rxd5 23. Be3 c5 24. Qf1 Ra8 25. Qxa6 Rxa6 26. Nb3 {[%cal Rb3c5]} cxd4 27. Bxd4 e5 28. Be3 f5 29. g3 Rd3 (29... f4 $5 30. gxf4 exf4 31. Bxf4 Rd3 $14) 30. Rd1 Rxb3 31. Rxd7 f4 32. Bd2 f3 33. a5 h6 (33... h5 $1 $11) 34. h4 $1 $14 e4 {[#]} (34... Bc5 $14) 35. Ra4 $2 ({Better is} 35. Be3 $1 $18) 35... Rb1+ $11 36. Kh2 Rd1 (36... Bc5 $11 {keeps the balance.} 37. Rxe4 Bxf2 38. Re8+ Kh7) 37. Rxe4 $16 Rxa5 38. Rxg7+ ({White should play} 38. Re8 $16 {aiming for Bb4.} Rf5 39. Rdd8) 38... Kxg7 $14 39. Bxa5 $16 {[%mdl 4096] Endgame KRB-KRB} Bc5 40. Be1 {Threatens to win with Kh3.} h5 {The position is equal.} 41. Bc3+ Kg8 42. Re5 Bxf2 {[#] And now ...Bg1+ would win.} 43. Rg5+ ({Not} 43. Rxh5 $2 Be3 $19) 43... Kf7 {...Ke6 is the strong threat.} 44. Rf5+ Kg6 45. Rf6+ Kh7 46. Rf7+ Kg6 47. Rf6+ Kh7 48. Rxf3 Bd4 49. Rf7+ (49. Ba5 {looks sharper.} Kg6 50. Rf8 Bf6 51. Bc7 Rd7 52. Bb6) 49... Kg6 50. Rf3 Bxc3 51. Rxc3 $11 {KR-KR} Rd2+ 52. Kh3 Ra2 53. Rc6+ Kg7 54. g4 Ra3+ 55. Kg2 hxg4 56. Rc4 g3 57. Rg4+ {Precision: White = 55%, Black = 58%.} 1/2-1/2

[Event "45. Sparkassen Chess-Meeting"]
[Site "Dortmund"]
[Date "2017.07.21"]
[Round "5"]
[White "Wang, Yue"]
[Black "Bluebaum, Matthias"]
[Result "1-0"]
[WhiteElo "2699"]
[BlackElo "2642"]
[Annotator "TA"]
[PlyCount "117"]
[EventDate "2017.??.??"]
[EventType "tourn"]
[EventCountry "GER"]
[SourceTitle "playchess.com"]
[Source "ChessBase"]
[SourceQuality "1"]

{[%evp 12,117,-3,-8,2,7,16,0,0,-8,0,-2,41,37,64,21,23,22,21,35,25,21,27,14,20,18,41,21,49,46,53,53,53,53,53,53,53,0,0,0,54,54,45,52,68,68,68,64,66,49,86,75,63,46,46,48,88,87,87,92,98,75,75,64,91,99,94,109,102,115,191,180,185,185,264,269,259,208,414,443,427,414,335,258,262,264,247,228,461,497,423,495,469,483,453,479,469,463,428,441,566,556,665,641,647,543,502,490]} 1. d4 Nf6 2. c4 e6 3. Nf3 d5 4. Nc3 Bb4 5. Bd2 O-O 6. e3 b6 7. Rc1 {LiveBook: 13 Games. E51: Nimzo-Indian: Rubinstein: 4...0-0 5 Nf3 d5} (7. cxd5 exd5 8. Rc1 Be7 9. Bd3 Bb7 10. O-O Nbd7 11. Be1 c5 12. Ne5 cxd4 13. Nxd7 Nxd7 14. exd4 Nf6 15. f3 g6 {1-0 (32) Fedoseev,V (2703)-Gajewski,G (2628) Khanty-Mansiysk 2017}) 7... Ba6 8. Qa4 c5 9. cxd5 $146 {The position is equal.} ({Predecessor:} 9. a3 cxd4 10. exd4 Bxc3 11. bxc3 Qc8 12. cxd5 Bxf1 13. Kxf1 exd5 14. Ne5 Ne4 {0-1 (55) Pfeiffer,G-Kluger,G Leipzig 1960}) 9... Bxf1 10. Rxf1 exd5 11. Ke2 a6 12. dxc5 $1 bxc5 13. Rfd1 (13. a3 $5 {[%cal Ra3b4]} Bxc3 14. Bxc3 $11) 13... Nbd7 14. a3 ({Much weaker is} 14. Nxd5 Nxd5 15. Bxb4 N7b6 $17) 14... Bxc3 15. Bxc3 Qb6 16. Ne5 Qe6 17. Nxd7 Nxd7 18. Kf1 f6 19. h3 Rfc8 20. Qg4 Qxg4 21. hxg4 Nb6 22. Ba5 Nc4 23. Be1 $1 Nb6 24. Ba5 (24. b4 $5 {[%cal Rb4c5]}) 24... Nc4 25. Be1 Nb6 $1 26. b4 cxb4 27. axb4 Kf7 28. Ra1 Rc4 29. Ra5 Rxg4 30. Rda1 Rb8 31. Rxa6 Re4 32. Ra7+ Re7 33. Ke2 Rbb7 34. Rxb7 Rxb7 $16 {[%mdl 4096] Endgame KRB-KRN} 35. Kd3 Ke7 36. Bc3 Nd7 37. f4 Nb8 38. Bd4 $1 Nc6 39. Bc5+ Kd7 40. Kc3 f5 (40... h5 $16 41. Ra8 Ke6) 41. Ra6 $18 Kc7 42. Kb3 Rb8 (42... Nb8 {was called for.} 43. Rd6 g6 44. Rxd5 Na6) 43. Ka4 Re8 44. g3 h5 $2 (44... Re4 45. Ra8 g6) 45. b5 Re4+ 46. Kb3 Nd8 47. Bd4 g5 48. Ra7+ Kb8 {...Rxd4! is the strong threat.} 49. Rh7 $1 gxf4 $2 (49... h4) 50. gxf4 {White is clearly winning.} Ne6 {[#]} 51. Be5+ $1 Kc8 {[#]} 52. b6 $1 {[%cal Rb6b7] b7+ would kill now.} Nc5+ 53. Kc2 Rc4+ 54. Kd1 Nb7 55. Rxh5 Rb4 56. Bd4 Na5 57. Rxf5 Rb5 58. Kc2 Nc6 59. Kc3 {Precision: White = 84%, Black = 50%.} 1-0

[Event "45. Sparkassen Chess-Meeting"]
[Site "Dortmund"]
[Date "2017.07.22"]
[Round "6"]
[White "Vachier-Lagrave, Maxime"]
[Black "Fedoseev, Vladimir"]
[Result "1/2-1/2"]
[WhiteElo "2791"]
[BlackElo "2726"]
[Annotator "TA"]
[PlyCount "111"]
[EventDate "2017.??.??"]
[EventType "tourn"]
[EventCountry "GER"]
[SourceTitle "playchess.com"]
[Source "ChessBase"]
[SourceQuality "1"]

{[%evp 15,111,25,20,0,0,0,0,0,31,34,36,36,31,21,25,21,23,9,15,0,0,0,28,14,10,14,5,8,22,39,27,0,0,0,88,80,100,93,101,88,91,91,94,91,82,79,115,83,94,90,112,108,112,0,110,119,108,117,187,169,178,175,161,120,116,129,125,118,118,119,121,121,107,104,112,106,104,110,126,78,79,81,79,79,79,79,83,85,97,14,14,14,14,8,8,8,8,8]} 1. e4 c6 2. Nf3 d5 3. Nc3 Bg4 4. h3 Bxf3 5. Qxf3 e6 6. Be2 Bc5 {B11: Caro-Kann: Two Knights Variation} 7. O-O Nf6 (7... Ne7 8. Na4 Bd6 9. d4 dxe4 10. Qxe4 Nd7 11. Rd1 O-O 12. Qf3 Qa5 13. Nc3 Nf6 14. Ne4 Nxe4 15. Qxe4 {1-0 (57) Vachier Lagrave,M (2796)-Mamedyarov,S (2800) Paris 2017}) 8. d3 {[%cal Bd2d3,Bd3d4][%mdl 32]} Nbd7 {LiveBook: 3 Games. White has an edge.} 9. Qf4 $146 (9. Qg3 $5 {[%cal Re4e5]} O-O 10. Bf4 $14) ({Predecessor:} 9. Qg3 O-O 10. Bf3 Bd4 11. exd5 cxd5 12. Ne2 Be5 13. Qh4 Qc7 14. c3 {1-0 (58) Geller,J (2488)-Laznicka,V (2664) Novi Sad 2016}) 9... O-O 10. Rd1 Ne8 11. Qg3 Kh8 12. d4 Bb6 13. a4 a6 14. h4 Nef6 15. Bf3 Bc7 16. Qh3 dxe4 17. Bxe4 Nxe4 18. Nxe4 Qe8 19. Re1 h6 20. b3 f5 21. Nd2 Qg6 22. Ba3 Rfd8 23. Nf3 Re8 24. Re2 e5 (24... Rad8 $11 {remains equal.}) 25. h5 $36 {[%mdl 2048] Keeping Black busy.} Qg4 26. Qxg4 fxg4 27. Nxe5 Nxe5 28. Rae1 $1 Ba5 29. b4 Bb6 30. c3 $1 ({Of course not} 30. Rxe5 $6 Rxe5 31. dxe5 (31. Rxe5 Bxd4 32. Re4 Rd8 $11) 31... Rf8 $11) 30... a5 31. Rxe5 Rxe5 32. Rxe5 {And now Re7 would win.} axb4 33. Bxb4 Rxa4 {[%mdl 4096] Endgame KRB-KRB} 34. Re8+ $1 Kh7 35. Bd6 $1 {[%cal Rd6e5]} Ba5 {[#]} 36. Re7 $1 {Threatens to win with Be5.} Bd8 (36... Kh8 $16 {is a better defense.}) 37. Rxb7 $18 {Black must now prevent Be5.} Bf6 38. Kh2 Ra5 39. Bc5 Be5+ 40. g3 Bf6 41. Kg2 Ra2 42. Rc7 Rc2 43. Rxc6 {Hoping for Bb6.} Rxc3 {Strongly threatening ...Bxd4!} 44. Re6 Rf3 45. Re4 Rf5 46. Rxg4 Rxh5 47. Re4 Kg6 48. Kf3 Rh1 49. Re2 h5 50. Ke4 h4 51. gxh4 Rxh4+ {[#]} 52. Kd5 (52. Kd3 $1 $16) 52... Rf4 $1 $11 {The position is equal.} 53. Rd2 {With the idea Kc6.} (53. f3 $5) 53... Bh4 54. Bd6 (54. Kc6 $5 {[%cal Rd4d5]} Rf6+ 55. Kd7 Bxf2 56. Rc2 $11) 54... Rxf2 55. Rxf2 Bxf2 56. Be5 {Precision: White = 76%, Black = 73%.} 1/2-1/2

[Event "45. Sparkassen Chess-Meeting"]
[Site "Dortmund"]
[Date "2017.07.22"]
[Round "6"]
[White "Wang, Yue"]
[Black "Kramnik, Vladimir"]
[Result "1/2-1/2"]
[WhiteElo "2699"]
[BlackElo "2812"]
[Annotator "TA"]
[PlyCount "80"]
[EventDate "2017.??.??"]
[EventType "tourn"]
[EventCountry "GER"]
[SourceTitle "playchess.com"]
[Source "ChessBase"]
[SourceQuality "1"]

{[%evp 16,80,23,18,18,18,18,18,18,16,10,7,14,11,15,20,25,16,36,22,40,40,38,39,73,65,68,52,39,20,26,29,56,8,8,8,8,13,22,8,69,16,8,0,0,0,0,0,0,0,0,0,0,0,0,0,0,0,0,0,0,0,0,0,0,0,0]} 1. d4 Nf6 2. c4 e6 3. Nf3 d5 4. Nc3 Be7 5. Bg5 h6 6. Bh4 O-O 7. e3 Nbd7 8. Qc2 c5 9. cxd5 cxd4 {D61: Queen's Gambit Declined: Classical: 7 Qc2} (9... Nxd5 10. Bxe7 Qxe7 11. Nxd5 exd5 12. dxc5 Nxc5 13. Be2 Bg4 14. O-O Rac8 15. Rad1 Rfd8 16. h3 Ne6 17. Qa4 Bf5 18. Nd4 Nxd4 19. Rxd4 Rc2 20. Bf3 Rxb2 21. Qxa7 Be4 22. Bxe4 {½-½ (22) Yu,Y (2729)-Anand,V (2779) Doha 2016}) 10. Nxd4 Nxd5 11. Bxe7 Nxe7 12. Be2 Nf6 13. O-O Bd7 14. Rfd1 $36 {[%mdl 2048] Black is under pressure.} Qb6 15. Qb3 Qxb3 16. axb3 $146 ({Predecessor:} 16. Nxb3 Rfd8 17. Kf1 {0-1 (39) Larsen,B-Portisch,L Porec 1968}) 16... a5 17. Bf3 Bc6 18. Nxc6 bxc6 19. Ra3 Rab8 20. Kf1 ({Of course not} 20. Rxa5 Rxb3 21. Na4 Nfd5 $11) 20... g5 21. Rc1 Rfd8 22. Ke1 Rb4 23. Bd1 Ng6 24. Rxa5 Rh4 $1 25. h3 g4 $1 26. hxg4 Nxg4 27. Rca1 Rh1+ 28. Ke2 Rg1 $1 {The position is equal.} 29. Ra8 Rxa8 30. Rxa8+ Kg7 31. g3 N6e5 32. Ra4 Rh1 33. Rf4 f5 34. Kd2 h5 35. Be2 Rg1 36. Nd1 Nf6 37. Nc3 Rg2 38. Ke1 {[#] And now Kf1 would win.} Rg1+ 39. Kd2 Nfg4 40. Nd1 Nf6 {Precision: White = 75%, Black = 76%.} 1/2-1/2

[Event "45. Sparkassen Chess-Meeting"]
[Site "Dortmund"]
[Date "2017.07.22"]
[Round "6"]
[White "Nisipeanu, Liviu-Dieter"]
[Black "Andreikin, Dmitry"]
[Result "1/2-1/2"]
[WhiteElo "2683"]
[BlackElo "2712"]
[Annotator "TA"]
[PlyCount "73"]
[EventDate "2017.??.??"]
[EventType "tourn"]
[EventCountry "GER"]
[SourceTitle "playchess.com"]
[Source "ChessBase"]
[SourceQuality "1"]

{[%evp 13,73,29,27,0,-10,-11,0,-12,11,-15,-15,-8,-6,-23,0,-25,10,16,25,4,16,22,16,23,29,24,25,11,11,11,11,12,5,5,11,11,12,13,41,14,18,17,18,18,37,46,39,37,30,35,32,33,48,54,56,29,53,0,2,0,49,0]} 1. d4 g6 2. e4 Bg7 3. Nc3 c6 4. Nf3 d6 5. a4 Bg4 6. Be2 d5 {B06: Modern Defence} (6... Nd7 7. O-O Qc7 8. Be3 Ngf6 9. Qd2 O-O 10. Bh6 e5 11. Bxg7 Kxg7 12. h3 Bxf3 13. Bxf3 Rfd8 14. Rad1 Nf8 15. Rfe1 Qa5 16. b3 {½-½ (16) Timoshenko,G (2564)-Istratescu,A (2590) Tusnad 2004}) 7. exd5 cxd5 {LiveBook: 3 Games} 8. Ne5 Bxe2 {The position is equal.} 9. Qxe2 a6 10. Qf3 {[%csl Ge5][%cal Rf3f7] [#]} (10. Bf4 {seems wilder.} e6 11. O-O-O Nc6 12. Nxc6 bxc6 13. Be5) 10... Nf6 (10... Bxe5 $5 11. dxe5 e6 $14) 11. O-O Nc6 12. Rd1 O-O $146 13. Bg5 Qd6 (13... Rc8 {is interesting.} 14. Nxc6 Rxc6 15. Bxf6 exf6 16. Nxd5 Rxc2 17. Qb3 Rc6) 14. Bxf6 (14. Bf4 $5 {[%cal Re5g6]} Qb4 15. Nxd5 Nxd5 16. Qxd5 $11) 14... Bxf6 (14... exf6 {looks sharper.} 15. Nxc6 bxc6 16. a5 Qb4 17. g3 Rfe8) 15. Qxd5 Bxe5 16. dxe5 Qxe5 17. Qxe5 Nxe5 18. Nd5 e6 19. Nb6 Rad8 20. f4 Ng4 $1 {[%cal Rg4e3]} 21. Nd7 Rfe8 $1 22. Rd3 {Hoping for h3.} Kg7 23. Rad1 {[#] Threatens to win with h3.} Rc8 24. c3 b5 25. a5 Rc4 26. Rd4 e5 27. Rxc4 bxc4 $11 {[%mdl 4096] Endgame KRN-KRN} 28. Re1 e4 29. Nb6 f5 30. Nxc4 Rd8 $1 31. h3 Nf6 32. Kf2 Rd5 33. b4 Rd3 34. Re3 {Black must now prevent Rxd3.} Rd1 35. Re1 (35. Nb6 $1 $14) 35... Rd3 36. Re3 {And now Rxd3 would win.} Rd1 37. Re1 {Precision: White = 56%, Black = 66%.} 1/2-1/2

[Event "45. Sparkassen Chess-Meeting"]
[Site "Dortmund"]
[Date "2017.07.22"]
[Round "6"]
[White "Bluebaum, Matthias"]
[Black "Wojtaszek, Radoslaw"]
[Result "1/2-1/2"]
[WhiteElo "2642"]
[BlackElo "2736"]
[Annotator "TA"]
[PlyCount "104"]
[EventDate "2017.??.??"]
[EventType "tourn"]
[EventCountry "GER"]
[SourceTitle "playchess.com"]
[Source "ChessBase"]
[SourceQuality "1"]

{[%evp 18,104,20,7,21,6,10,8,13,12,8,8,8,2,11,0,18,0,0,-36,-44,-52,-29,-51,0,0,0,-11,-10,-11,-10,-7,-8,-19,-16,-57,-50,-88,-86,-83,-90,-96,-83,-141,-126,-123,-131,-136,-138,-120,-115,-118,-8,-3,-7,-6,-6,-8,-8,-4,-2,-11,-2,-7,0,0,0,0,0,0,0,0,0,0,0,0,0,0,0,0,0,0,0,0,0,0,0,0,0]} 1. d4 Nf6 2. c4 e6 3. g3 d5 4. Bg2 dxc4 5. Nf3 c5 6. O-O Nc6 7. dxc5 Qxd1 8. Rxd1 Bxc5 9. Nbd2 {[%cal Bb1d2,Bd2c4,Bc4a3,Ba3b5][%mdl 32]} c3 10. bxc3 O-O {E04: Open Catalan: 5 Nf3} 11. Ne1 (11. Nb3 Be7 12. Nfd4 Bd7 13. Bg5 Rfd8 14. Nxc6 Bxc6 15. Bxc6 bxc6 16. Na5 Rac8 17. Rxd8+ Bxd8 18. Nb7 h6 19. Nd6 Rb8 20. Be3 Bb6 {½-½ (78) Giri,A (2785)-So,W (2815) chess.com INT 2017}) 11... Be7 12. Nc4 Rd8 13. Ba3 Bxa3 14. Nxa3 {[#]} Bd7 $146 ({Predecessor:} 14... Rxd1 15. Rxd1 Bd7 16. Nd3 Be8 17. Nb5 Na5 18. Nd6 {½-½ (61) Giri,A (2588)-L'Ami,E (2615) Wijk aan Zee 2010}) 15. Rab1 Rab8 16. Nb5 Kf8 17. Nd3 Be8 18. Nc5 Rxd1+ 19. Rxd1 Na5 $1 20. a4 Bxb5 (20... b6 $1 $15 21. Na6 Rc8) 21. axb5 $11 Ke8 22. Rb1 (22. c4 $5) 22... b6 23. Nb3 Nxb3 24. Rxb3 {[%mdl 4096] Endgame KRB-KRN} Rc8 25. Ra3 Rc7 $1 26. Bc6+ Ke7 27. f4 Kd6 28. Ra4 Kc5 29. c4 Kd4 30. h3 ({White should play} 30. Ra1) 30... Kc3 31. Kf2 Nd7 32. Ra1 Nc5 33. Ke3 Kb2 34. Rd1 a5 (34... Kb3 $17 {aiming for ...a5.} 35. Ra1 Kxc4) 35. bxa6 $1 {The position is equal.} Rxc6 {KRN-KR} 36. a7 Rc8 37. Rd6 $1 $132 {[%cal Rd6b6][%mdl 2048] White is not keeping still} Kc3 {[#] Threatens to win with ...Ra8.} 38. Rxb6 {Strongly threatening Rb8.} Ra8 39. Rc6 Kxc4 40. Rc7 f6 41. Rxg7 Kd5 42. Rxh7 Kd6 43. g4 Nd7 44. h4 Rxa7 45. g5 Ra3+ 46. Kf2 fxg5 47. hxg5 Nc5 (47... Nf8 $5 {[%cal Rf8h7]} 48. Rf7 Ng6 $11) 48. e3 Ne4+ 49. Kf3 Nd2+ 50. Ke2 Ne4 {[#] White must now prevent ...Nc3+.} 51. Kf3 Nd2+ 52. Ke2 Ne4 {Precision: White = 69%, Black = 71%.} 1/2-1/2

[Event "45. Sparkassen Chess-Meeting"]
[Site "Dortmund"]
[Date "2017.07.23"]
[Round "7"]
[White "Kramnik, Vladimir"]
[Black "Bluebaum, Matthias"]
[Result "1-0"]
[WhiteElo "2812"]
[BlackElo "2642"]
[Annotator "TA"]
[PlyCount "69"]
[EventDate "2017.??.??"]
[EventType "tourn"]
[EventCountry "GER"]
[SourceTitle "playchess.com"]
[Source "ChessBase"]
[SourceQuality "1"]

{[%evp 9,69,11,0,7,16,15,20,26,18,25,24,0,24,19,18,32,18,8,29,0,0,0,0,0,4,0,0,0,0,0,0,0,0,0,0,-10,-14,-12,-12,-98,0,0,0,-46,0,0,0,0,0,0,33,25,49,56,6203,6203,5414,5406,5381,2210,2052,1663]} 1. Nf3 d5 2. g3 Bg4 3. Bg2 e6 4. O-O Nf6 5. d3 Be7 6. h3 {A07: Réti Opening: New York and Capablanca Systems} Bh5 7. c4 c6 8. Qb3 {The position is equal.} Qc8 $146 ({Predecessor:} 8... Qb6 9. Be3 Qxb3 10. axb3 a6 11. g4 Bg6 12. Ne5 {0-1 (58) Meier,G (2630)-Karjakin,S (2783) chess.com INT 2017}) 9. g4 Bg6 10. cxd5 cxd5 11. Bf4 Nc6 12. Nc3 O-O 13. Rac1 Qd7 14. Ne5 Nxe5 15. Bxe5 h5 16. g5 Ne8 17. f4 Bc5+ 18. d4 Bb6 19. f5 Bxf5 20. Rxf5 exf5 21. Nxd5 Qe6 22. Kh1 Rd8 $1 23. Qf3 g6 24. e3 (24. Nxb6 $11 Qxb6 25. Qxb7) 24... Kh7 (24... Rd7 $1 $17 25. h4 Bd8) 25. Nf4 $11 Qe7 26. Qg3 Bc7 27. Rxc7 $1 Nxc7 28. Bf6 Qb4 $1 {[%cal Rb4d2] [#] aiming for ...Qd2.} 29. Nxh5 $1 {[%mdl 512]} gxh5 {[#]} (29... Ne8 $5 {[%cal Rd8c8]} 30. Qh4 Kg8 31. Bxd8 gxh5 $14) 30. g6+ $1 {[%mdl 512]} Kg8 {Hoping for ...Rd7.} (30... fxg6 31. Qxc7+) 31. Qg5 $40 {[%mdl 1152] White threatens Qh6 and mate. White has compensation. Black needs to defend precisely.} h4 $2 {[%mdl 8192] [#]} (31... Nd5 $14 32. Bxd8 Qd6 33. gxf7+ Kxf7 34. Qxh5+ Kg8) 32. Qh6 $1 $18 {[%csl Gf6][%cal Rh6h8] White is clearly winning.} ({Not} 32. Qxh4 fxg6 33. Bxd8 Ne6 $16) 32... Qe1+ 33. Kh2 {[%csl Gf6][%cal Rh6h8]} Qg3+ 34. Kg1 {[%csl Gf6][%cal Rh6h8]} Qe1+ {[#]} 35. Bf1 $1 {Precision: White = 70%, Black = 68%.} 1-0

[Event "45. Sparkassen Chess-Meeting"]
[Site "Dortmund"]
[Date "2017.07.23"]
[Round "7"]
[White "Wojtaszek, Radoslaw"]
[Black "Nisipeanu, Liviu-Dieter"]
[Result "1-0"]
[WhiteElo "2736"]
[BlackElo "2683"]
[Annotator "TA"]
[PlyCount "81"]
[EventDate "2017.??.??"]
[EventType "tourn"]
[EventCountry "GER"]
[SourceTitle "playchess.com"]
[Source "ChessBase"]
[SourceQuality "1"]

{[%evp 22,81,32,32,43,30,61,60,66,43,50,44,64,46,48,4,13,0,0,-11,55,50,86,74,118,111,249,258,258,258,258,254,243,239,356,334,356,347,359,358,452,379,421,403,470,470,597,595,588,588,567,558,777,754,869,862,880,800,888,887,884,834]} 1. d4 Nf6 2. c4 e6 3. Nc3 Bb4 4. Qc2 d6 5. Bd2 Nc6 6. Nf3 O-O 7. a3 Bxc3 8. Bxc3 Qe7 9. e3 a5 10. Be2 {E33: Nimzo-Indian: Classical: 4...Nc6} (10. Bd3 h6 11. O-O e5 12. d5 Nb8 13. Nd2 a4 14. f4 Nbd7 15. Rae1 Re8 16. Bf5 c6 17. dxc6 bxc6 {0-1 (66) L'Ami,E (2611)-Adhiban,B (2671) Baku 2016}) 10... e5 11. dxe5 dxe5 12. h3 {LiveBook: 3 Games. White is slightly better.} Rd8 13. O-O e4 14. Nd4 Nxd4 $146 ({Predecessor:} 14... Ne5 15. b4 Bd7 16. Rfd1 c5 17. bxc5 Qxc5 {½-½ (91) Enricci,J (2410)-Cilloniz Razzeto,A (2301) ICCF email 2006}) 15. Bxd4 c5 16. Bc3 a4 17. f4 {[%cal Bf2f4,Bf4f5][%mdl 32]} (17. Bxf6 $5 Qxf6 18. Qxe4 $16) 17... Bd7 18. f5 Bc6 19. Rf4 Rd6 20. Raf1 Rad8 (20... Nd7 $11) 21. Qc1 $14 Nd7 {[#]} 22. f6 $1 {[%cal Rf6e7]} Nxf6 23. Qe1 Ne8 (23... Re6 $16) 24. Rxf7 $18 Qxf7 25. Rxf7 Kxf7 26. Qg3 Nf6 27. Qe5 Rd2 (27... Re6 $142 28. Qxc5 Rdd6) 28. Bxd2 Rxd2 29. Kf1 Rc2 30. Ke1 ({Not} 30. Qxc5 Rxb2 31. g4 Bd7 $18) 30... Rc1+ 31. Kd2 Rg1 32. g4 h6 33. h4 {White is clearly winning.} g5 34. hxg5 hxg5 35. Qxg5 Bd7 36. Qxc5 Bxg4 37. Bxg4 Rxg4 38. Qc7+ Ke6 39. Qxb7 Rg2+ 40. Kc3 Re2 41. Qc8+ {Precision: White = 80%, Black = 37%.} 1-0